000 00476nam a2200145 4500
008 151029b xxu||||| |||| 00| 0 eng d
020 _a0874933226
050 _aSPE RJ 370 .P35 2002
100 _aAmerican heart association.
_d2002.
245 _aPALS provider manual.
_cAmerican heart association.
260 _aUSA;
_bAHA,
_c2002.
300 _axi, 450 p. : ill.
_bIncludes index.
_c28cm.
650 _aHealth.
942 _2lcc
_cBOOKS
_hSPE RJ 370 .P35 2002
999 _c9656
_d9656